LEADER 01192nam a2200229 i 4500 001 000000122537 003 CaOOAMICUS 005 20040204000000.0 008 040204s1963 xxk u000 u eng u 013 $a95232 040 $aSeMil$bita 100 1 $aMoffatt, James.$0(OLS)http://semarc/name/50750 245 12$aA critical and exegetical commentary on the Epistle to the Hebrews /$cby James Moffatt. 260 $aEdinburgh :$bT. & T. Clark,$cLatest Reprint 1963. 300 $alxxvi, 264 p. ;$c22 cm. 490 0 $aThe International Critical Commentary : on the Holy Scriptures of the Old and New Testaments. 650 4$aBibbia. Nuovo testamento. Lettera agli Ebrei - Commentari, studi, critica, interpretazioni.$0(OLS)http://semarc/subject/43 830 4$aThe International Critical Commentary : on the Holy Scriptures of the Old and New Testaments.$0(OLS)http://semarc/title/97019 850 $aSeMil 852 $aSeMil$W1$xVenegono$y1$m2Z I 392$j228883$B77498$CSeMilBibl$Z2$F79441 $8I 996 $6245$aA critical and exegetical commentary on the Epistle to the Hebrews$9(OLS)http://semarc/title/180484 996 $6260$aEdinburgh :$bT. & T. Clark$9(OLS)http://semarc/publisher/29818